Draught animal news

Contents: Research & development projects, short notes and news, new books and joumals,...

সংরক্ষণ করুন:
গ্রন্থ-পঞ্জীর বিবরন
বিন্যাস: গ্রন্থ
ভাষা:Undetermined
প্রকাশিত: Scotland World Society for the Protection of Animals 2009
বিষয়গুলি:
ট্যাগগুলো: ট্যাগ যুক্ত করুন
কোনো ট্যাগ নেই, প্রথমজন হিসাবে ট্যাগ করুন!
Thư viện lưu trữ: Trung tâm Học liệu Trường Đại học Cần Thơ
LEADER 00565nam a2200169Ia 4500
001 CTU_50293
008 210402s9999 xx 000 0 und d
082 |a 636 
082 |b D768/No.47 
245 0 |a Draught animal news 
260 |a Scotland 
260 |b World Society for the Protection of Animals 
260 |c 2009 
520 |a Contents: Research & development projects, short notes and news, new books and joumals,... 
650 |a Animal industry,Ngành chăn nuôi 
904 |i Hồng Thơ 
980 |a Trung tâm Học liệu Trường Đại học Cần Thơ